| 000 | 00478nam a22001697a 4500 | ||
|---|---|---|---|
| 005 | 20230503102516.0 | ||
| 008 | 230503b ||||| |||| 00| 0 eng d | ||
| 040 | _cAL | ||
| 041 | _aEnglish | ||
| 082 |
_223 _a382/9 _bBATP |
||
| 100 |
_aJamshed R Batliboi _996556 |
||
| 245 | _aPrinciples and practice of auditing | ||
| 260 |
_aBombay _bThe Standard Accountancy Publications Pvt Ltd |
||
| 650 |
_aAuditing _996557 |
||
| 700 |
_aBATLIBOI (Jamshed R) _996558 |
||
| 942 |
_2ddc _cBB |
||
| 999 |
_c227294 _d227294 |
||